Team dynamics : (Record no. 347874)

000 -LEADER
fixed length control field 01345 a2200181 4500
020 ## - INTERNATIONAL STANDARD BOOK NUMBER
International Standard Book Number 0538724854 (paperback)
020 ## - INTERNATIONAL STANDARD BOOK NUMBER
International Standard Book Number 9780538724852 (paperback)
082 04 - DEWEY DECIMAL CLASSIFICATION NUMBER
Classification number 658.402
090 ## - LOCALLY ASSIGNED LC-TYPE CALL NUMBER (OCLC); LOCAL CALL NUMBER (RLIN)
-- 5467
-- 5467
100 1# - MAIN ENTRY--PERSONAL NAME
Personal name Housel, Debbie.
245 10 - TITLE STATEMENT
Title Team dynamics :
Remainder of title professional development series /
Statement of responsibility, etc. Debbie Housel.
250 ## - EDITION STATEMENT
Edition statement 1st ed.
260 ## - PUBLICATION, DISTRIBUTION, ETC.
Place of publication, distribution, etc. [S.l.] :
Name of publisher, distributor, etc. South-Western Educational Pub,
Date of publication, distribution, etc. 2001.
300 ## - PHYSICAL DESCRIPTION
Extent 96 p. ;
Dimensions 23 cm.
520 ## - SUMMARY, ETC.
Summary, etc. In today's high impact world of business, it helps to have someone on your team. Effective teams make for effective businesses, and effective businesses mean success for everyone involved. In every career field it is essential that you develop into a positive team player. The qualities of a progressive team can and will vault you to the top of the success ladder. Team Dynamics will not only review the qualities of an effective team player, but illustrate the types of habits that will make each team you are a part of highly productive and efficient. Team Dynamics is one title in the Professional Development Series by South-Western. This series is the perfect resource for learning the non-technical strategies and tactics needed to compete in today's business world.
856 40 - ELECTRONIC LOCATION AND ACCESS
Materials specified Amazon.com
Uniform Resource Identifier <a href="http://www.amazon.com/exec/obidos/ASIN/0538724854/chopaconline-20">http://www.amazon.com/exec/obidos/ASIN/0538724854/chopaconline-20</a>
942 ## - ADDED ENTRY ELEMENTS (KOHA)
Institution code [OBSOLETE] NBS
Koha item type Book
Call number prefix 658.402 HOU
Holdings
Withdrawn status Lost status Damaged status Not for loan Permanent Location Current Location Date acquired Total Checkouts Full call number Barcode Date last seen Price effective from Koha item type
        Central Library (CL) Central Library (CL) 08/28/2013   658.402 HOU NBS5439 08/28/2013 08/28/2013 Book
© 2023 Central Library, National University of Sciences and Technology. All Rights Reserved.